Health through balance : (Record no. 5121)
[ view plain ]
| 000 -LEADER | |
|---|---|
| fixed length control field | 01201pam a2200217 4500 |
| 001 - CONTROL NUMBER | |
| control field | 6066 |
| 005 - DATE AND TIME OF LATEST TRANSACTION | |
| control field | 20181127180822.0 |
| 010 ## - LIBRARY OF CONGRESS CONTROL NUMBER | |
| LC control number | 86001879 |
| 020 ## - INTERNATIONAL STANDARD BOOK NUMBER | |
| International Standard Book Number | 0937938254 |
| Terms of availability | |
| 100 0# - MAIN ENTRY--PERSONAL NAME | |
| Personal name | Donden, Yeshi, |
| Dates associated with a name | 1929- |
| 245 10 - TITLE STATEMENT | |
| Title | Health through balance : |
| Remainder of title | an introduction to Tibetan medicine / |
| Statement of responsibility, etc. | Yeshi Donden ; edited and translated by Jeffrey Hopkins ; co-translated by Lobsang Rabgay and Alan Wallace. |
| 250 ## - EDITION STATEMENT | |
| Edition statement | 1st ed., U.S.A. |
| 260 ## - PUBLICATION, DISTRIBUTION, ETC. | |
| Place of publication, distribution, etc. | Ithaca, N.Y., USA : |
| Name of publisher, distributor, etc. | Snow Lion Publications, |
| Date of publication, distribution, etc. | 1986. |
| 300 ## - PHYSICAL DESCRIPTION | |
| Extent | 252 p. : |
| Other physical details | ill. ; |
| Dimensions | 22 cm. |
| 500 ## - GENERAL NOTE | |
| General note | Includes index. |
| 504 ## - BIBLIOGRAPHY, ETC. NOTE | |
| Bibliography, etc. note | Bibliography: p. [228]-229. |
| 505 ## - FORMATTED CONTENTS NOTE | |
| Formatted contents note | Outline of Disease -- Course Of Study -- The Body -- Defining The Body -- Wind, Bile, And Phlegm -- Seven Physical Constituents -- Causes, Conditions, And Entrances -- Diagnosis -- Pulse 1 -- Pulse 2 -- Questioning -- Urinalysis -- Treatment -- Behavior -- Diet: Grains And Meats -- Diet: Oils, Herbs, And Cooking -- Diabetes -- Tumors -- Virilification and Rejuvenation -- Meditative Transformation Of Medicine -- Outline of the Ambrosia Heart Tantra. |
| Miscellaneous information | |
| Statement of responsibility | |
| Title | |
| 650 #0 - SUBJECT ADDED ENTRY--TOPICAL TERM | |
| Topical term or geographic name entry element | Medicine, Tibetan. |
| Topical term or geographic name entry element | Medicine, Oriental Traditional |
| Geographic subdivision | China. |
| 700 1# - ADDED ENTRY--PERSONAL NAME | |
| Personal name | Hopkins, Jeffrey. |
| Withdrawn status | Lost status | Source of classification or shelving scheme | Damaged status | Not for loan | Collection code | Home library | Current library | Shelving location | Date acquired | Serial Enumeration / chronology | Inventory number | Full call number | Barcode | Date last seen | Price effective from | Koha item type |
|---|---|---|---|---|---|---|---|---|---|---|---|---|---|---|---|---|
| Dewey Decimal Classification | Main TEST | RTC Library | RTC Library | Main opac | 07/07/2021 | 9603 | 610 DON | 30008189 | 04/02/2021 | 27/11/2018 | Main |